| 000 | 02816cam a2200385 a 4500 | ||
|---|---|---|---|
| 001 | 6043 | ||
| 003 | FISKH | ||
| 005 | 20250226152224.0 | ||
| 008 | 960605s1997 nyua c 000 1 eng | ||
| 010 | _a 96026696 | ||
| 020 | _a0060274719 | ||
| 020 | _a0060274727 (lib. bdg.) | ||
| 020 | _a0590511904 | ||
| 040 |
_aDLC _cDLC _dDLC _beng |
||
| 050 | _aPZ7.F599233 S | ||
| 082 | _a 813 | ||
| 100 | 1 |
_aFleischman, Paul _d(1952-) |
|
| 245 | 1 | 0 |
_aSeedfolks / _cby Paul Fleischman ; illustrations by Judy Pedersen |
| 250 | _aThis edition first published in 1999 | ||
| 260 |
_aNew York : _bScholastic, _c1997. |
||
| 300 |
_a69 pages : _billustrations ; _c20 cm. |
||
| 505 | _aR | ||
| 520 | _aOne by one, a number of people of varying ages and backgrounds transform a trash-filled inner-city lot into a productive and beautiful garden, and in doing so, the gardeners are themselves transformed. | ||
| 521 | 8 |
_a710
_bLexile |
|
| 521 | 8 |
_aR
_bRaz-Plus |
|
| 650 | 1 |
_aGardens _vFiction. |
|
| 650 | 1 |
_aCity and town life _vFiction. |
|
| 650 | 1 |
_aNeighborhoods _vFiction. |
|
| 700 | 1 |
_aPedersen, Judy, _eillustrator |
|
| 856 | 4 | 2 |
_3Publisher description _uhttp://www.loc.gov/catdir/description/hc041/96026696.html |
| 856 | 4 | 2 |
_3Contributor biographical information _uhttp://www.loc.gov/catdir/enhancements/fy0910/96026696-b.html |
| 906 |
_a7 _bcbc _corignew _d1 _eocip _f19 _gy-gencatlg |
||
| 942 |
_2ddc _cBK _n0 |
||
| 999 |
_c6043 _d6043 |
||